| 000 | 01526nam a2200373 c 4500 | ||
|---|---|---|---|
| 003 | BLK | ||
| 005 | 20180422101621.0 | ||
| 008 | 180408b bul|||||r ||||||| ||bul|| | ||
| 010 | _aKNG00055901000 | ||
| 020 |
_a954-308-069-0 _bиздат.: Прес |
||
| 040 | _aBLK | ||
| 041 |
_aBUL _cBUL |
||
| 080 |
_aНемска литература _b821.112.2 _x-93-91 _z821.112.2-93-91 |
||
| 700 | 1 |
_aБратя Грим _eпо _9368076 |
|
| 700 | 1 |
_aСикоев, Андре _eадапт. _9120145 |
|
| 700 | 1 |
_aКлаусен, Клаус _eадапт. _979616 |
|
| 700 | 1 |
_aБейтен, Стефан _eадапт. _937517 |
|
| 700 | 1 |
_aАндреева, Вера _eпрев. _9280236 |
|
| 139 |
_aПалечко _bП 15 |
||
| 245 | 1 | 0 |
_aПалечко _cпо Братя Грим; адапт. Андре Сикоев; адапт. Клаус Клаусен; адапт. Стефан Бейтен; прев. Вера Андреева. |
| 257 | _aDEU | ||
| 260 |
_аСофия _bПрес _c2004 _fПловдив : Делта+ |
||
| 300 |
_a24 с. _bс цв. ил. _c20Х20 см |
||
| 380 | _aDX | ||
| 490 | 1 |
_aКристали _v11 |
|
| 500 | _aОриг. загл. Tom Thimb / by Andre Sikojev, Claus Clausen, Stefan Beiten. - Офс. изд.Из Simsala Grimm - Вълшебните приказки на Братя Грим | ||
| 653 | _aприказки | ||
| 653 | _aадаптирани книги | ||
| 852 | _aЦб 225048 | ||
| 856 | 4 |
_qpdf _u |
|
| 856 | 4 |
_qpdf _u |
|
| 942 |
_cKNG _n0 |
||
| 944 |
_aCR _c12.10.2005 _kГеновева_Генчева |
||
| 944 |
_aED _c02.11.2005 _k |
||
| 999 |
_c51986 _d51986 |
||